reckless driving - Lizzy McAlpine - Statistics

General Stats
  • This quiz has been taken 43 times
  • The average score is 440 of 494
Answer Stats
Hint Answer % Correct
a
100%
Chorus | Verse 1 | Verse 2 I
100%
me
100%
to
100%
you
100%
car
97%
it
97%
the
97%
your
97%
and
94%
but
94%
do
94%
don't
94%
Bridge Don't
94%
driver
94%
eyes
94%
go
94%
im
94%
love
94%
my
94%
on
94%
reckless
94%
road
94%
that
94%
you're
94%
all
91%
careful
91%
keep
91%
like
91%
see
91%
us
91%
when
91%
can
88%
in
88%
kill
88%
off
88%
tell
88%
then
88%
time
88%
be
85%
can't
85%
here
85%
if
85%
it's
85%
just
85%
no
85%
one
85%
this
85%
wanna
85%
we
85%
where
85%
at
82%
both
82%
day
82%
hands
82%
happen
82%
know
82%
Now
82%
now
82%
were
82%
we're
82%
am
79%
aren't
79%
as
79%
cause
79%
Chorus Cause
79%
crash
79%
going
79%
into
79%
let
79%
lose
79%
never
79%
not
79%
over
79%
wheel
79%
100
76%
180
76%
crashed
76%
driving
76%
how
76%
second
76%
think
76%
tree
76%
you'd
76%
crowds
74%
did
74%
didn't
74%
happens
74%
kiss
74%
mean
74%
reaction
74%
real
74%
take
74%
watch
74%
control
71%
convinced
71%
die
71%
far
71%
felt
71%
finally
71%
focus
71%
pavement
71%
savior
71%
staring
71%
way
71%
i'd
68%
moment
68%
rather
68%
safe
68%
shotgun
68%
than
68%
want
68%
will
68%
with
68%
would
68%
feel
65%
get
65%
it'd
65%
it'll
65%
scrape
65%
for
62%
happened
62%
or
62%
hold
59%
exactly
56%
lost
53%
yeah
50%
lie
47%
guess
44%
sit
38%
No matching quizzes found
Score Distribution
Percent of People with Each Score
Percentile by Number Answered
Your Score History
You have not taken this quiz